|
|
|
|
| LEADER |
00000nam a2200000 i 4500 |
| 001 |
DIGEPUJ0234 |
| 003 |
NyNyDIG |
| 006 |
m o d |
| 008 |
201107s2014 ck a ob 000 0 spa d |
| 007 |
cr ||||||||||| |
| 035 |
|
|
|a (OCoLC)1204223786
|
| 040 |
|
|
|a DGITA
|b eng
|e rda
|e pn
|c DGITA
|
| 020 |
|
|
|a 9789588856155
|q eBook
|
| 020 |
|
|
|a 9588856159
|q eBook
|
| 020 |
|
|
|z 9789588856148
|
| 020 |
|
|
|z 9588856140
|
| 043 |
|
|
|a s-ck---
|
| 050 |
1 |
4 |
|a NX160 ebook
|
| 082 |
0 |
4 |
|a 700.1
|
| 245 |
0 |
0 |
|a Grupos de discusión :
|b estéticas y sabidurías emergentes /
|c Florencia Mora Anto, Diego Agudelo Grijales, editores.
|
| 264 |
|
1 |
|a Cali, Colombia :
|b Pontificia Universidad Javeriana,
|c [2014]
|
| 300 |
|
|
|a 1 online resource. :
|b illustrations (some color)
|
| 336 |
|
|
|a text
|b txt
|2 rdacontent
|
| 337 |
|
|
|a computer
|b c
|2 rdamedia
|
| 338 |
|
|
|a online resource
|b cr
|2 rdacarrier
|
| 347 |
|
|
|a text file
|2 rdaft
|
| 347 |
|
|
|b PDF
|
| 504 |
|
|
|a Includes bibliographical references.
|
| 588 |
0 |
|
|a Online resource; title from PDF title page (Digitalia, viewed November 9, 2020)
|
| 650 |
|
0 |
|a Creation (Literary, artistic, etc.)
|
| 650 |
|
0 |
|a Art and society
|z Colombia.
|
| 650 |
|
0 |
|a Group work in art
|z Colombia.
|
| 655 |
|
0 |
|a Electronic books.
|
| 700 |
1 |
|
|a Mora Anto, Florencia,
|e editor.
|
| 700 |
1 |
|
|a Agudelo Grijales, Diego,
|e editor.
|
| 791 |
2 |
|
|a Digitalia (Firm),
|e distributor.
|
| 793 |
0 |
|
|g Digitalia eBook Collection:
|a Pontificia Universidad Javeriana
|
| 776 |
0 |
8 |
|i Print version:
|t Grupos de discusión.
|b Primera edición.
|d Cali, Colombia : Pontificia Universidad Javeriana, 2014
|z 9789588856148
|w (DLC) 2016414197
|w (OCoLC)921533442
|
| 856 |
4 |
0 |
|3 Digitalia Hispánica
|u https://www.digitaliapublishing.com/a/63939/
|
| 910 |
|
|
|a Premium collection: 2020
|